Malaysia adalah sebuah negara Islam
| Main Author: | Wan Zahidi Wan Teh, Dato' |
|---|---|
| Published: |
Kuala Lumpur:
Jabatan Hal Ehwal Khas, Kementerian Penerangan Malaysia,
2001.
|
| Subjects: |
| LEADER | 00552cam a2200145 7i4500 | ||
|---|---|---|---|
| 001 | 0000050963 | ||
| 005 | 20161122090000.0 | ||
| 090 | 0 | 0 | |a JC49 |b .W98 2001 |
| 100 | 0 | |a Wan Zahidi Wan Teh, |c Dato' | |
| 245 | 1 | 0 | |a Malaysia adalah sebuah negara Islam |c Dato' Wan Zahidi Wan Teh. |
| 260 | |a Kuala Lumpur: |b Jabatan Hal Ehwal Khas, Kementerian Penerangan Malaysia, |c 2001. | ||
| 300 | |a 25 p.; |c 21 cm. | ||
| 650 | 0 | 0 | |a Islam and state -- |z Malaysia |
| 651 | 0 | |a Malaysia -- |x Politics and government | |
| 999 | |a 0000059627 |b BOK |c GOVERNMENT PUBLICATION |e Ground Floor, Bestari Jaya | ||